|
|
|
|
| LEADER |
02138pam a22004577a 4500 |
| 001 |
AALTaylor&Francisebook000037 |
| 003 |
BD-DhAAL |
| 005 |
20230911114305.0 |
| 006 |
m||||||||d|||||||| |
| 007 |
cr|||||||||||| |
| 008 |
230111t2018 enk b 001 0 eng d |
| 010 |
|
|
|a 73161453
|
| 015 |
|
|
|a B***
|
| 020 |
|
|
|a 9781351018142 (eBook)
|
| 040 |
|
|
|a DLC
|c DLC
|d DLC
|d BD-DhAAL
|
| 050 |
0 |
0 |
|a LC191
|b .B684
|
| 082 |
0 |
0 |
|a 301.56
|
| 110 |
2 |
|
|a British Sociological Association.
|9 53326
|
| 245 |
1 |
0 |
|a Knowledge, education, and cultural change
|h [electronic resource] :
|b papers in the sociology of education /
|c edited by Richard Brown.
|
| 260 |
|
|
|a Abingdon, Oxon :
|b Taylor & Francis Group,
|c 2018.
|
| 300 |
|
|
|a 1 online resource.
|
| 490 |
0 |
|
|a Explorations in sociology, 2
|
| 500 |
|
|
|a A selection of the papers presented at the annual conference of the British Sociological Association, University of Durham, 7-10 April 1970.
|
| 500 |
|
|
|a <strong>Off-Campus Access:</strong> Athens ID and Password Required
|
| 500 |
|
|
|a <strong>On-Campus Access:</strong> No User ID or Password Required
|
| 500 |
|
|
|a Access type: Perpetual access
|
| 504 |
|
|
|a Includes bibliographical references.
|
| 506 |
|
|
|a Electronic access restricted to authorized BRAC University faculty, staff and students
|
| 526 |
|
|
|a BRAC IED
|x Manjuma Akhtar Mousumi,
Assistant Professor
|
| 538 |
|
|
|a Mode of access: Internet
|
| 541 |
|
|
|a Taylor & Francis
|h USD 165.00
|
| 650 |
|
0 |
|a Educational sociology.
|
| 650 |
|
0 |
|a Sociology.
|
| 655 |
|
|
|a Electronic books.
|
| 700 |
1 |
|
|a Brown, Richard K.,
|d 1933-
|e ed.
|9 53327
|
| 830 |
|
|
|a Explorations in sociology, 2
|9 53328
|
| 852 |
|
|
|a Ayesha Abed Library
|
| 856 |
|
|
|z Full text available on Taylor & Francis
|u http://www.taylorfrancis.com/books/9781351018142
|
| 942 |
|
|
|2 ddc
|c EBK
|
| 999 |
|
|
|c 45440
|d 45440
|
| 952 |
|
|
|0 0
|1 0
|2 ddc
|4 0
|6 301_560000000000000_KNO
|7 0
|9 72872
|a BRACUL
|b BRACUL
|d 2023-01-15
|e Taylor & Francis
|g 17180.00
|l 0
|o 301.56 KNO
|r 2023-01-15
|t 1
|w 2023-01-15
|y EBK
|x As discussed with Acquisition team, according to invoice date (11.01.2023) of the e-book, converted USD 165.00 to BDT 17180.00
|